[Event "Collado Villalba Grupo Gallinero op 1st"]
[Site "Collado Villalba"]
[Date "2022.08.12"]
[Round "1"]
[White "Neagu, Roberto Florin"]
[Black "Martin Garcia, Francisco Javier"]
[Result "1-0"]
[WhiteElo "2019"]
[BlackElo "1509"]
[PlyCount "63"]
[EventDate "2022.08.12"]
[EventType "swiss"]
[EventRounds "9"]
[EventCountry "ESP"]
[SourceTitle "CBM 210 Extra"]
[Source "ChessBase"]
[SourceDate "2022.11.30"]
[SourceVersion "1"]
[SourceVersionDate "2022.11.30"]
[SourceQuality "1"]

1. d4 Nf6 2. Nf3 g6 3. Nc3 d5 4. Bf4 a6 5. e3 Bg7 6. h3 0-0 7. Bd3 b5 8. 0-0 Bb7 9. a4 b4 10. Na2 a5 11. Nc1 Nbd7 12. Nb3 e6 13. Ne5 Nxe5 14. Bxe5 Nd7 15. Bxg7 Kxg7 16. Bb5 c6 17. Be2 f5 18. f4 Qb6 19. Qd2 Ba6 20. Bxa6 Rxa6 21. c3 c5 22. dxc5 Nxc5 23. Qd4+ Kg8 24. Nxc5 Ra7 25. Nxe6 Qxe6 26. Qxa7 bxc3 27. bxc3 Rc8 28. Rab1 Rxc3 29. Rb8+ Rc8 30. Rc1 Rxb8 31. Qxb8+ Kg7 32. Rc7+ 1-0

[Event "Madrid-ch Seniors 50"]
[Site "Madrid"]
[Date "2022.03.30"]
[Round "3"]
[White "Martin Garcia, Francisco Javier"]
[Black "Jimenez Gonzalez, Marcos"]
[Result "0-1"]
[WhiteElo "1412"]
[BlackElo "1761"]
[PlyCount "57"]
[EventDate "2022.03.28"]
[EventType "swiss"]
[EventRounds "9"]
[EventCountry "ESP"]
[SourceTitle "EXT 2023"]
[Source "ChessBase"]
[SourceDate "2022.10.05"]
[SourceVersion "1"]
[SourceVersionDate "2022.10.05"]
[SourceQuality "1"]

1. d4 d6 2. Bf4 Nd7 3. Nf3 g6 4. e3 Bg7 5. Nbd2 e5 6. Bg3 Nh6 7. c3 0-0 8. Be2 Nf5 9. dxe5 dxe5 10. Qb3 Qe7 11. 0-0-0 a5 12. a4 c6 13. Ne4 Nc5 14. Nxc5 Qxc5 15. Ng5 Nxe3 16. Nxf7 Rxf7 17. Rd8+ Bf8 18. Kd2 Nd5 19. Bxe5 Qe7 20. Rxf8+ Qxf8 21. Rf1 Bf5 22. g4 Be6 23. Qc2 Qh6+ 24. Ke1 Re8 25. Bd4 Bxg4 26. Be3 Rxe3 27. fxe3 Rxf1+ 28. Bxf1 Qxe3+ 29. Be2 0-1

[Event "Madrid City-ch Seniors 50"]
[Site "Madrid"]
[Date "2021.04.08"]
[Round "3"]
[White "Garcia Granja, Jose"]
[Black "Martin Garcia, Francisco Javier"]
[Result "0-1"]
[WhiteElo "1041"]
[BlackElo "1428"]
[PlyCount "102"]
[EventDate "2021.04.06"]
[EventType "swiss"]
[EventRounds "9"]
[EventCountry "ESP"]
[SourceTitle "EXT 2022"]
[Source "ChessBase"]
[SourceDate "2021.10.06"]
[SourceVersion "1"]
[SourceVersionDate "2021.10.06"]
[SourceQuality "1"]

1. c4 Nf6 2. Nc3 d5 3. cxd5 Nxd5 4. g3 g6 5. Bg2 Nb6 6. d3 Bg7 7. Rb1 0-0 8. e4 c5 9. Nge2 Na6 10. a3 e5 11. 0-0 c4 12. dxc4 Nxc4 13. b3 Nb6 14. Bb2 Be6 15. f4 Qxd1 16. Rfxd1 Bxb3 17. Re1 Nc5 18. Bc1 Bc4 19. f5 Nd3 20. Rf1 Nxc1 21. Rbxc1 Bh6 22. Rc2 Rac8 23. Rb2 Bxe2 24. Nxe2 Rfd8 25. g4 Be3+ 26. Kh1 Rd2 27. Rxd2 Bxd2 28. Rb1 Be3 29. h4 Nc4 30. Rxb7 Nxa3 31. g5 h6 32. Rb3 Nc4 33. gxh6 Bxh6 34. Ng3 Bf4 35. Bf1 Nd2 36. Rb2 Bxg3 37. Rxd2 Bxh4 38. fxg6 fxg6 39. Rd7 Ra8 40. Rd6 Kg7 41. Rd7+ Kh6 42. Bc4 a5 43. Bf7 Rd8 44. Ra7 Rd4 45. Bd5 Ra4 46. Kg2 Ra3 47. Ra6 a4 48. Bf7 Rg3+ 49. Kh2 a3 50. Ra5 Rc3 51. Rxe5 Bg3+ 0-1

[Event "Collado Villalba-B 37th"]
[Site "Collado Villalba"]
[Date "2020.08.29"]
[Round "9"]
[White "Fernandez Martinez, Luis"]
[Black "Martin Garcia, Francisco Javier"]
[Result "0-1"]
[WhiteElo "1526"]
[BlackElo "1450"]
[PlyCount "47"]
[EventDate "2020.08.22"]
[EventType "tourn"]
[EventRounds "9"]
[EventCountry "ESP"]
[SourceTitle "CBM 198 Extra"]
[Source "ChessBase"]
[SourceDate "2020.11.30"]
[SourceVersion "1"]
[SourceVersionDate "2020.11.30"]
[SourceQuality "1"]

1. e4 c5 2. Nf3 d6 3. c3 g6 4. d4 cxd4 5. cxd4 d5 6. e5 Bh6 7. Nc3 Bg4 8. Be2 Nc6 9. h3 Bxf3 10. Bxf3 e6 11. Be3 Bxe3 12. fxe3 Nge7 13. a3 Nf5 14. Qd2 Qh4+ 15. Qf2 Ke7 16. Qxh4+ Nxh4 17. Nb5 b6 18. Nd6 Na5 19. Kf1 Nxf3 20. gxf3 Nc4 21. Nxf7 Rhf8 22. b3 Nxe3+ 23. Kg1 Nc2 24. Rc1 0-1

[Event "Collado Villalba-B 37th"]
[Site "Collado Villalba"]
[Date "2020.08.24"]
[Round "4"]
[White "Martin Garcia, Francisco Javier"]
[Black "Rapaport, Andres Natalio"]
[Result "1-0"]
[WhiteElo "1450"]
[BlackElo "1233"]
[PlyCount "95"]
[EventDate "2020.08.22"]
[EventType "tourn"]
[EventRounds "9"]
[EventCountry "ESP"]
[SourceTitle "CBM 198 Extra"]
[Source "ChessBase"]
[SourceDate "2020.11.30"]
[SourceVersion "1"]
[SourceVersionDate "2020.11.30"]
[SourceQuality "1"]

1. d4 Nf6 2. Nf3 g6 3. c4 d5 4. g3 Bg7 5. Bg2 0-0 6. 0-0 Nbd7 7. cxd5 Nxd5 8. e4 N5f6 9. Nc3 c6 10. Bf4 Qb6 11. Qd2 Ne8 12. Bh6 Ndf6 13. Bxg7 Kxg7 14. Na4 Qd8 15. Ne5 Nd6 16. Rfe1 Ng4 17. Rad1 Qc7 18. Nxg4 Bxg4 19. Rc1 Qd8 20. d5 Rc8 21. dxc6 Rxc6 22. Rxc6 bxc6 23. e5 Nc4 24. Qxd8 Rxd8 25. Bxc6 Rd2 26. b3 Nb6 27. Nxb6 axb6 28. a4 Rd4 29. f3 Bh3 30. Re2 Rd1+ 31. Kf2 Be6 32. Rb2 Rd3 33. b4 Bd5 34. Bxd5 Rxd5 35. f4 Kf8 36. Ke3 Ke8 37. Rd2 Rxd2 38. Kxd2 Kd7 39. Kd3 Kc6 40. Kc4 e6 41. h3 h6 42. g4 h5 43. gxh5 gxh5 44. h4 Kd7 45. Kb5 Kc7 46. Ka6 Kc6 47. b5+ Kc5 48. Kb7 1-0

[Event "Collado Villalba-B 37th"]
[Site "Collado Villalba"]
[Date "2020.08.22"]
[Round "2"]
[White "Martin Garcia, Francisco Javier"]
[Black "Criado Herrero, Luis"]
[Result "0-1"]
[WhiteElo "1450"]
[BlackElo "1398"]
[PlyCount "56"]
[EventDate "2020.08.22"]
[EventType "tourn"]
[EventRounds "9"]
[EventCountry "ESP"]
[SourceTitle "CBM 198 Extra"]
[Source "ChessBase"]
[SourceDate "2020.11.30"]
[SourceVersion "1"]
[SourceVersionDate "2020.11.30"]
[SourceQuality "1"]

1. d4 d5 2. Nf3 Nf6 3. g3 c6 4. Bg2 Bg4 5. Ne5 Nbd7 6. Nxg4 Nxg4 7. e4 Ngf6 8. e5 Ng8 9. 0-0 e6 10. f4 c5 11. c3 Ne7 12. dxc5 Nxc5 13. Be3 Nf5 14. Bf2 b6 15. g4 Ne7 16. f5 Nc6 17. c4 Ne4 18. Bxe4 dxe4 19. Nc3 exf5 20. gxf5 Qg5+ 21. Kh1 Nxe5 22. Nxe4 Qxf5 23. Nd6+ Bxd6 24. Qxd6 Qe4+ 25. Kg1 Nf3+ 26. Kg2 Ne1+ 27. Kh3 Qg2+ 28. Kh4 Nf3+ 0-1

[Event "Madrid San Viator op-B 31st"]
[Site "Madrid"]
[Date "2019.10.06"]
[Round "4"]
[White "Martin Garcia, Francisco Javier"]
[Black "Alcojor Patilla, Antonio"]
[Result "0-1"]
[WhiteElo "1478"]
[BlackElo "1602"]
[PlyCount "64"]
[EventDate "2019.09.08"]
[EventType "swiss"]
[EventRounds "9"]
[EventCountry "ESP"]
[SourceTitle "EXT 2022"]
[Source "ChessBase"]
[SourceDate "2021.10.06"]
[SourceVersion "1"]
[SourceVersionDate "2021.10.06"]
[SourceQuality "1"]

1. d4 d6 2. Nc3 Nf6 3. e4 g6 4. f4 Bg7 5. Nf3 Nbd7 6. Bc4 c5 7. Be3 b6 8. e5 Ng4 9. Bg1 cxd4 10. Bxd4 dxe5 11. fxe5 Ndxe5 12. Nxe5 Nxe5 13. Bxe5 Qxd1+ 14. Rxd1 Bxe5 15. 0-0 0-0 16. Rfe1 Bd6 17. Ne4 Be5 18. c3 Bg4 19. Rd5 Bg7 20. Rd2 Bh6 21. Rd4 Bg7 22. Rd2 Rac8 23. Bb3 b5 24. Nf2 Bf5 25. g4 Be6 26. Rxe6 fxe6 27. Bxe6+ Kh8 28. Bxc8 Rxc8 29. Rd7 Re8 30. Rxa7 Bh6 31. Nd3 Be3+ 32. Nf2 Bxa7 0-1

[Event "Valdepenas U1600 1st op"]
[Site "Valdepenas"]
[Date "2019.07.28"]
[Round "6.8"]
[White "Martin Garcia, Francisco Javier"]
[Black "Castro Marquez, Andrea"]
[Result "1-0"]
[WhiteElo "1428"]
[BlackElo "1330"]
[PlyCount "137"]
[EventDate "2019.07.27"]
[EventType "swiss (rapid)"]
[EventRounds "7"]
[EventCountry "ESP"]
[SourceTitle "EXT 2024"]
[Source "ChessBase"]
[SourceDate "2023.10.10"]
[SourceVersion "1"]
[SourceVersionDate "2023.10.10"]
[SourceQuality "1"]

1. d4 d5 2. Nf3 Nf6 3. g3 Bg4 4. Bg2 Nc6 5. 0-0 Qd7 6. Ne5 Nxe5 7. dxe5 Ng8 8. Bxd5 0-0-0 9. Nc3 Bh3 10. Re1 e6 11. Bf3 Qxd1 12. Rxd1 Rxd1+ 13. Nxd1 Bc5 14. Be3 Bxe3 15. Nxe3 f6 16. Bg4 Bxg4 17. Nxg4 h5 18. Ne3 fxe5 19. Nc4 e4 20. Rd1 Nf6 21. Ne5 Rf8 22. h3 a6 23. Ng6 Re8 24. Ne5 Rf8 25. Kg2 g5 26. Ng6 Re8 27. Ne5 Rf8 28. Rd4 Rg8 29. Nf7 g4 30. h4 Rf8 31. Ng5 e5 32. Rc4 e3 33. fxe3 b6 34. e4 Kb7 35. Rc3 Nd7 36. Ne6 Rc8 37. Rd3 Nf6 38. Ng5 Rf8 39. Rd1 Kc6 40. Rf1 Kd6 41. Rd1+ Kc6 42. Ne6 Re8 43. Ng5 Rf8 44. Rd3 Kb7 45. c4 a5 46. a3 Kc6 47. b4 axb4 48. axb4 Kb7 49. Rd1 Kc6 50. Ne6 Re8 51. Nd8+ Rxd8 52. Rxd8 Nxe4 53. Rh8 Nd2 54. Rxh5 Nxc4 55. Rg5 Kb5 56. h5 Kxb4 57. Rxg4 Kc3 58. Rxc4+ Kxc4 59. h6 b5 60. h7 c5 61. h8Q e4 62. Qb2 b4 63. Kf2 b3 64. Ke3 Kb4 65. Kxe4 c4 66. Kd4 c3 67. Qxc3+ Ka3 68. Qxb3+ Kxb3 69. g4 1-0

[Event "Mostoles op 9th"]
[Site "Mostoles"]
[Date "2018.07.24"]
[Round "8"]
[White "Martin Garcia, Francisco Javier"]
[Black "Blasco Gallardo, Francisco"]
[Result "1-0"]
[WhiteElo "1492"]
[BlackElo "1450"]
[PlyCount "171"]
[EventDate "2018.07.17"]
[EventType "swiss"]
[EventRounds "9"]
[EventCountry "ESP"]
[SourceTitle "CBM 186 Extra"]
[Source "ChessBase"]
[SourceDate "2018.08.24"]
[SourceVersion "1"]
[SourceVersionDate "2018.08.24"]
[SourceQuality "1"]

1. d4 d5 2. Nf3 c5 3. g3 Nc6 4. Bg2 Nf6 5. 0-0 Bf5 6. c4 e6 7. Nc3 cxd4 8. Nxd4 Nxd4 9. Qxd4 Be7 10. cxd5 0-0 11. e4 Bg6 12. Rd1 exd5 13. exd5 Bd6 14. Bg5 Qb6 15. Bxf6 gxf6 16. Qxb6 axb6 17. Nb5 Rfd8 18. Nxd6 Rxd6 19. a3 Kf8 20. Rac1 Rb8 21. Re1 Rd7 22. Rc3 Bf5 23. Rec1 Ke7 24. h3 Kd6 25. f4 Bg6 26. g4 f5 27. Kf2 fxg4 28. hxg4 h5 29. gxh5 Bxh5 30. Bh3 Re7 31. Re3 Rbe8 32. Rce1 Rxe3 33. Rxe3 Rxe3 34. Kxe3 Kxd5 35. Bg2+ Kd6 36. Bxb7 f5 37. Kd4 Bd1 38. Ba6 Bb3 39. Bc4 Ba4 40. b3 Bd7 41. a4 Bc6 42. Kc3 Bd7 43. Kd4 Bc6 44. Ke3 Bd7 45. Kd4 Be6 46. Bd3 Bd7 47. Bc4 Bc6 48. Bf7 Be4 49. b4 Bc2 50. a5 bxa5 51. bxa5 Be4 52. a6 Kc7 53. Ke5 Kb6 54. Bg6 Kxa6 55. Bxf5 Bf3 56. Bh3 Kb6 57. f5 Kc7 58. Ke6 Kd8 59. Kf7 Bd5+ 60. Kf8 Bc4 61. Bg4 Bd5 62. Bh5 Be4 63. f6 Bd5 64. Kg7 Bc4 65. Bf7 Bb5 66. Kf8 Bc6 67. Bg6 Bd5 68. Kg7 Bc4 69. Bh5 Be6 70. Bf7 Bd7 71. Kf8 Bf5 72. Kg7 Bd7 73. Kf8 Bf5 74. Kg7 Bd7 75. Kg6 Bc6 76. Kf5 Bd7+ 77. Ke5 Bb5 78. Bg6 Bc4 79. Kf4 Be6 80. Kg5 Bc4 81. Kh6 Bd5 82. Kg7 Bc4 83. Bf7 Bb5 84. Bd5 Be8 85. Bc6 Bh5 86. Bb5 1-0

[Event "Tres Cantos op 10th"]
[Site "Tres Cantos"]
[Date "2018.06.23"]
[Round "3.40"]
[White "Morales Martin, Javier"]
[Black "Martin Garcia, Francisco Javier"]
[Result "1-0"]
[WhiteElo "1756"]
[BlackElo "1470"]
[PlyCount "119"]
[EventDate "2018.06.21"]
[EventType "swiss"]
[EventRounds "9"]
[EventCountry "ESP"]
[SourceTitle "EXT 2024"]
[Source "ChessBase"]
[SourceDate "2023.10.10"]
[SourceVersion "1"]
[SourceVersionDate "2023.10.10"]
[SourceQuality "1"]

1. d4 Nf6 2. Nc3 d5 3. Bg5 e6 4. e4 dxe4 5. Nxe4 Be7 6. Ng3 Nbd7 7. Nf3 0-0 8. Bd3 c5 9. c3 cxd4 10. Nxd4 Nc5 11. Bc2 Qd5 12. Nf3 Qc4 13. Qd4 Qb5 14. c4 Qb6 15. 0-0 Rd8 16. Qc3 Bd7 17. Be3 Qc7 18. Rfe1 Bc6 19. Nd4 Rac8 20. Nxc6 Qxc6 21. Rad1 Rxd1 22. Bxd1 Rd8 23. Bf3 Qc7 24. Qc2 Nd3 25. Rd1 Nb4 26. Qb3 Rxd1+ 27. Bxd1 Qd7 28. Be2 Nc6 29. Bf3 Ne5 30. Bxb7 Nxc4 31. Qxc4 Qxb7 32. b3 Nd5 33. Bd4 h6 34. Qa4 Nb6 35. Qe8+ Bf8 36. h3 Qd5 37. Be3 Qd1+ 38. Kh2 Qd6 39. Kg1 Qd1+ 40. Nf1 Qd6 41. g3 Qe7 42. Qa8 Qd6 43. Qxa7 Nd5 44. Qd4 Qc6 45. Kh2 Qa6 46. Qa1 Nxe3 47. Nxe3 Qe2 48. Kg2 Bc5 49. Qc3 Bxe3 50. Qxe3 Qxa2 51. b4 Qd5+ 52. Kh2 Kf8 53. Qa7 Qb5 54. Qa5 Qb8 55. b5 Ke8 56. b6 Qb7 57. Qa7 Qf3 58. Qb8+ Ke7 59. Qc7+ Kf6 60. Qf4+ 1-0

[Event "Madrid-ch Previa-A"]
[Site "Madrid"]
[Date "2018.02.19"]
[Round "7"]
[White "Martinez Pintor, Juan"]
[Black "Martin Garcia, Francisco Javier"]
[Result "1-0"]
[WhiteElo "1670"]
[BlackElo "1461"]
[PlyCount "87"]
[EventDate "2018.02.05"]
[EventType "swiss"]
[EventRounds "9"]
[EventCountry "ESP"]
[SourceTitle "EXT 2020"]
[Source "ChessBase"]
[SourceDate "2019.10.17"]
[SourceVersion "1"]
[SourceVersionDate "2019.10.17"]
[SourceQuality "1"]

1. d4 Nf6 2. c4 g6 3. Nc3 d5 4. cxd5 Nxd5 5. e4 Nxc3 6. bxc3 Bg7 7. Be3 c5 8. Rc1 Qa5 9. Qd2 0-0 10. h3 Rd8 11. Nf3 Nc6 12. d5 Ne5 13. Nxe5 Bxe5 14. f4 Bg7 15. c4 Qxd2+ 16. Kxd2 b6 17. Be2 Bd7 18. Rb1 Ba4 19. Bd1 Bxd1 20. Rhxd1 Kf8 21. a4 Ke8 22. Ke2 h5 23. g4 hxg4 24. hxg4 Kd7 25. a5 Kc7 26. f5 gxf5 27. gxf5 Be5 28. Rh1 Rh8 29. Kf3 Rag8 30. Bf4 Bxf4 31. axb6+ axb6 32. Kxf4 Rxh1 33. Rxh1 f6 34. e5 fxe5+ 35. Kxe5 Kd7 36. Rh6 Rb8 37. Rh7 Rf8 38. d6 Re8 39. f6 Kc6 40. dxe7 b5 41. cxb5+ Kxb5 42. Ke6 c4 43. f7 Rxe7+ 44. Kxe7 1-0

[Event "Madrid-ch Seniors 50"]
[Site "Madrid"]
[Date "2018.01.17"]
[Round "8"]
[White "Beekhof Harmsen, Willen"]
[Black "Martin Garcia, Francisco Javier"]
[Result "1-0"]
[WhiteElo "1543"]
[BlackElo "1487"]
[PlyCount "79"]
[EventDate "2018.01.08"]
[EventType "swiss"]
[EventRounds "9"]
[EventCountry "ESP"]
[SourceTitle "CBM 182 Extra"]
[Source "ChessBase"]
[SourceDate "2018.02.23"]
[SourceVersion "1"]
[SourceVersionDate "2018.02.23"]
[SourceQuality "1"]

1. d4 Nf6 2. Nf3 g6 3. e3 Bg7 4. Bd3 0-0 5. 0-0 d5 6. Nbd2 Nbd7 7. e4 dxe4 8. Nxe4 Nxe4 9. Bxe4 Nf6 10. Bd3 b6 11. c3 Bb7 12. Re1 e6 13. a4 a5 14. Bg5 h6 15. Bf4 Nd5 16. Bg3 Nf6 17. h3 Nd7 18. Qe2 Re8 19. Ne5 Nxe5 20. dxe5 Qe7 21. Be4 Bxe4 22. Qxe4 Qc5 23. Rac1 Rad8 24. b4 Qd5 25. Qxd5 Rxd5 26. c4 Rd3 27. b5 Bf8 28. Bf4 Rdd8 29. Be3 Kh7 30. c5 bxc5 31. Bxc5 Rd3 32. Bxf8 Rxf8 33. Rxc7 Rd4 34. b6 Kg8 35. b7 Rb4 36. Rec1 Rb3 37. R1c5 h5 38. Rb5 Rb4 39. Rc8 Rxb5 40. axb5 1-0